|
|
|
|
| LEADER |
00675nam a22002292a 4500 |
| 001 |
001105028 |
| 003 |
CZ BrMZK |
| 005 |
20101116112721.0 |
| 007 |
ta |
| 008 |
100708s1915 gw er|||||||||||ger d |
| 040 |
|
|
|a BOA001
|b cze
|
| 100 |
1 |
|
|a Morgenstern, Christian,
|d 1871-1914
|7 jn19990005833
|4 aut
|
| 245 |
1 |
0 |
|a Palmström /
|c von Christian Morgenstern
|
| 250 |
|
|
|a 9., 10. und 11. vermehr. Aufl.
|
| 260 |
|
|
|a Berlin :
|b B. Cassirer,
|c 1915
|
| 300 |
|
|
|a 79 s.
|
| 500 |
|
|
|a Na ručním papíře
|
| 910 |
|
|
|a BOA001
|b 1-0266.920
|
| 990 |
|
|
|a BK
|
| 993 |
|
|
|a Y
|
| 991 |
|
|
|b 201007
|
| 996 |
6 |
|
|b 2619320272
|c 1-0266.920
|l MZK
|r Sklad / do 1 hodiny
|n 0
|w 001131759
|u 000010
|a 1
|e BOA001
|j MZK50
|s P
|